Relativity, particle physics and cosmology (Record no. 13922)

MARC details
000 -LEADER
fixed length control field 00816nam a2200205Ia 4500
003 - CONTROL NUMBER IDENTIFIER
control field IN-BaIIA
008 - FIXED-LENGTH DATA ELEMENTS--GENERAL INFORMATION
fixed length control field 211028s9999 xx 000 0 eng d
020 ## - INTERNATIONAL STANDARD BOOK NUMBER
International Standard Book Number 981-02-3794-4
040 ## - CATALOGING SOURCE
Transcribing agency IIA Library
080 ## - UNIVERSAL DECIMAL CLASSIFICATION NUMBER
Universal Decimal Classification number 524.834(082.1)
Item number REL
111 ## - MAIN ENTRY--MEETING NAME
Meeting name or jurisdiction name as entry element Richard Arnowitt Fest on Relativity, Particle Physics and Cosmology
Location of meeting Texas, USA
Date of meeting or treaty signing 1998 Apr 5-8
9 (RLIN) 24387
245 #0 - TITLE STATEMENT
Title Relativity, particle physics and cosmology
Remainder of title proceedings of the Richard Arnowitt fest on relativity, particle physics and cosmology, held in Texas, USA, 5-8 Apr 1998
Statement of responsibility, etc. edited by R. E. Allen
260 ## - PUBLICATION, DISTRIBUTION, ETC.
Place of publication, distribution, etc. Singapore
Name of publisher, distributor, etc. World Scientific
Date of publication, distribution, etc. 1999
300 ## - PHYSICAL DESCRIPTION
Extent xiii, 373p.
650 ## - SUBJECT ADDED ENTRY--TOPICAL TERM
Topical term or geographic name entry element Cosmology
650 ## - SUBJECT ADDED ENTRY--TOPICAL TERM
Topical term or geographic name entry element Particle physics
9 (RLIN) 1847
650 ## - SUBJECT ADDED ENTRY--TOPICAL TERM
Topical term or geographic name entry element Relativity
700 ## - ADDED ENTRY--PERSONAL NAME
Personal name Allen, R. E., ed
9 (RLIN) 15890
942 ## - ADDED ENTRY ELEMENTS (KOHA)
Koha item type Books
Holdings
Withdrawn status Lost status Damaged status Not for loan Home library Current library Shelving location Date acquired Total Checkouts Full call number Barcode Date last seen Price effective from Koha item type
        IIA Library-Bangalore IIA Library-Bangalore General Stacks     524.834(082.1)/ REL 14842 05/11/2021   Books

Powered by Koha